Statistics for Under The Sign Of Winx - Yasemin Sannino - All Lyrics

Click here to take the quiz!

General Stats

  • This quiz has been taken 5 times
  • The average score is 131 of 158

Answer Stats

Answer% Correct
A
100%
a
100%
and
100%
And
100%
are
100%
be
100%
can
100%
enchant
100%
fly
100%
if
100%
is
100%
light
100%
our
100%
smile
100%
the
100%
to
100%
up
100%
We
100%
Winx!
100%
Winx,
100%
Winx
100%
with
100%
world
100%
You
100%
you
100%
color
75%
eyes,
75%
fire
75%
for
75%
hand
75%
holding
75%
imagination
75%
magic
75%
magical
75%
mind
75%
mine
75%
mystical
75%
of
75%
Open
75%
open
75%
sign
75%
sky
75%
space
75%
sure,
75%
through
75%
time
75%
together
75%
Under
75%
us
75%
we'll
75%
We’ll
75%
your
75%
adventures
50%
all
50%
Bring
50%
calling
50%
hesitating
50%
Join
50%
moonlit
50%
New
50%
no
50%
stars,
50%
winners
50%
Among
25%
blazing
25%
cloud,
25%
Club,
25%
ever
25%
forever
25%
It's
25%
night,
25%
ride
25%

Score Distribution

Percentile by Number Answered

Percent of People with Each Score

Your Score History

You have not taken this quiz